<?xml version="1.0" encoding="UTF-8"?><?xml-stylesheet type="text/xsl" href="static/style.xsl"?><OAI-PMH xmlns="http://www.openarchives.org/OAI/2.0/" xmlns:xsi="http://www.w3.org/2001/XMLSchema-instance" xsi:schemaLocation="http://www.openarchives.org/OAI/2.0/ http://www.openarchives.org/OAI/2.0/OAI-PMH.xsd"><responseDate>2026-06-06T19:08:51Z</responseDate><request verb="GetRecord" identifier="oai:riuma.uma.es:10630/6185" metadataPrefix="marc">https://riuma.uma.es/rest/oai/request</request><GetRecord><record><header><identifier>oai:riuma.uma.es:10630/6185</identifier><datestamp>2026-02-03T12:33:45Z</datestamp><setSpec>com_10630_2254</setSpec><setSpec>col_10630_37959</setSpec></header><metadata><record xmlns="http://www.loc.gov/MARC21/slim" xmlns:dcterms="http://purl.org/dc/terms/" xmlns:doc="http://www.lyncode.com/xoai" xmlns:xsi="http://www.w3.org/2001/XMLSchema-instance" xsi:schemaLocation="http://www.loc.gov/MARC21/slim http://www.loc.gov/standards/marcxml/schema/MARC21slim.xsd">
   <leader>00925njm 22002777a 4500</leader>
   <datafield ind2=" " ind1=" " tag="042">
      <subfield code="a">dc</subfield>
   </datafield>
   <datafield ind2=" " ind1=" " tag="720">
      <subfield code="a">Luque-Ruiz, David</subfield>
      <subfield code="e">author</subfield>
   </datafield>
   <datafield ind2=" " ind1=" " tag="720">
      <subfield code="a">Morís Fernández, Joaquín</subfield>
      <subfield code="e">author</subfield>
   </datafield>
   <datafield ind2=" " ind1=" " tag="720">
      <subfield code="a">Gutiérrez, María J.</subfield>
      <subfield code="e">author</subfield>
   </datafield>
   <datafield ind2=" " ind1=" " tag="260">
      <subfield code="c">2013-10-29</subfield>
   </datafield>
   <datafield ind2=" " ind1=" " tag="520">
      <subfield code="a">Interference between cues (IbC) is a phenomenon in which associat-&#xd;
ing a cue with an outcome interferes retroactively with the retrieval&#xd;
of previously acquired association between another cue and the same&#xd;
outcome. In this presentation, we review those situations in which&#xd;
IbC has been found and not found in the literature, and propose a&#xd;
general mechanism responsible of IbC based on propositional mod-&#xd;
els. IbC would take place in those situations in which participants&#xd;
had reasonable expectations of univoque relations between cues and&#xd;
outcomes/responses but later these expectations are not fulfilled. We&#xd;
present three experiments that tested this hypothesis. In the first one,&#xd;
the likelihood of univoque relations was manipulated by using a dif-&#xd;
ferent number of available responses, while in the second partici-&#xd;
pants were pretrained with univoque or non univoque filler relations.&#xd;
In both cases reducing the likelihood of the expectation of univoque&#xd;
relations reduced the magnitude of IbC, supporting the proposed hy-&#xd;
pothesis. Finally, in the third experiment we showed that when the&#xd;
interfering association is presented using instructions it also produces&#xd;
IbC, as in a trial-by-trial learning. Its magnitude was similar or high-&#xd;
er, depending on the type of measurement used. These results suggest&#xd;
that a high-level propositional inference produces IbC.</subfield>
   </datafield>
   <datafield ind1="8" ind2=" " tag="024">
      <subfield code="a">http://hdl.handle.net/10630/6185</subfield>
   </datafield>
   <datafield tag="653" ind2=" " ind1=" ">
      <subfield code="a">Psicología del aprendizaje</subfield>
   </datafield>
   <datafield ind2="0" ind1="0" tag="245">
      <subfield code="a">Interference between cues in human contingency learning: A review, new data and a potential general explanation based on propositional models</subfield>
   </datafield>
</record>
</metadata></record></GetRecord></OAI-PMH>